00863cam a22002415a 45000010009000000050017000090080041000260200018000670400033000850820019001181000018001372450063001552600037002183000034002556500041002896500050003306500039003806510010004196530025004299420008004549990017004629520142004791746049920161117140326.0120912s2012 caua fr 000 0 eng d a9781449322526 aDLCbengcDLCdDLCdEG-ScBUE04222a005.3bGEU1 aGeudens, Tom.10aResource-oriented computing with NetKernel /cTom Geudens. aSebastopol :bO'Reilly,cc.2012. axiv, 225 p. :bill. ;c24 cm. 7aSoftware architecture.2BUEsh929417 7aComputer softwarexDevelopment.2BUEsh911535 7aSoftware engineering.2BUEsh93832 2BUEsh bCOMSCIcNovember2016 2ddc c23180d23152 00102ddc40708BaccahaMAINbMAINcLOWd2016-11-17ePurchaseg202.50h2000088l0o005.3 GEUp000034901r2025-07-15 00:00:00v253.13yBB